Ole Gunnar Solskjær's Manchester United - Statistics

General Stats
  • This quiz has been taken 39 times
  • The average score is 37 of 57
Answer Stats
Rank Player Position Nationality Matches Goals Assists % Correct
5 David de Gea Goalkeeper 120 0 1
100%
1 Marcus Rashford Left Winger 135 55 36
100%
2 Victor Lindelöf Centre-Back 129 3 6
100%
10 Anthony Martial Centre-Forward 111 35 25
97%
13 Bruno Fernandes Attacking Midfield 97 44 35
97%
19 Edinson Cavani Centre-Forward 47 18 6
97%
7 Luke Shaw Left-Back 118 2 15
97%
8 Aaron Wan-Bissaka Right-Back 115 2 9
94%
36 Cristiano Ronaldo Centre-Forward 13 9 2
94%
3 Harry Maguire Centre-Back 121 6 4
94%
16 Juan Mata Attacking Midfield 70 8 12
94%
9 Scott McTominay Central Midfield 115 14 3
94%
23 Diogo Dalot Right-Back 36 1 2
91%
4 Fred Central Midfield 121 4 7
91%
12 Nemanja Matic Defensive Midfield 100 2 6
91%
21 Eric Bailly Centre-Back 43 0 1
89%
11 Paul Pogba Central Midfield 104 18 27
89%
34 Alexis Sánchez Centre-Forward 15 1 2
86%
22 Donny van de Beek Central Midfield 42 2 2
86%
46 Antonio Valencia Right-Back 2 0 0
83%
14 Daniel James Right Winger 74 9 9
83%
15 Jesse Lingard Attacking Midfield 71 9 6
83%
30 Sergio Romero Goalkeeper 21 0 0
83%
28 Romelu Lukaku Centre-Forward 23 9 2
80%
41 Amad Diallo Right Winger 8 1 1
77%
25 Dean Henderson Goalkeeper 27 0 0
77%
44 Anthony Elanga Right Winger 3 1 0
74%
6 Mason Greenwood Right Winger 119 33 11
74%
43 Matteo Darmian Right-Back 3 0 0
74%
29 Odion Ighalo Centre-Forward 23 5 1
74%
37 Marcos Rojo Centre-Back 12 0 0
71%
27 Phil Jones Centre-Back 26 1 1
71%
38 Raphaël Varane Centre-Back 9 0 1
71%
26 Alex Telles Left-Back 27 1 4
69%
24 Axel Tuanzebe Right-Back 29 0 0
69%
32 Ander Herrera Central Midfield 16 2 2
66%
17 Andreas Pereira Attacking Midfield 56 3 5
66%
35 Jadon Sancho Left Winger 14 0 0
66%
31 Chris Smalling Centre-Back 16 0 0
60%
56 Hannibal Attacking Midfield 1 0 0
60%
18 Brandon Williams Left-Back 50 1 2
57%
48 Marouane Fellaini Central Midfield 2 0 0
57%
20 Ashley Young Right-Back 43 2 1
54%
39 Timothy Fosu-Mensah Right-Back 9 0 0
46%
33 Tahith Chong Attacking Midfield 16 0 2
34%
40 Angel Gomes Attacking Midfield 8 0 0
26%
49 Lee Grant Goalkeeper 1 0 0
23%
42 James Garner Defensive Midfield 7 0 1
20%
45 Shola Shoretire Left Winger 3 0 0
14%
54 Teden Mengi Centre-Back 1 0 0
9%
57 Will Fish Centre-Back 1 0 0
9%
50 Di'Shon Bernard Centre-Back 1 0 0
6%
47 Ethan Laird Right-Back 2 0 0
6%
52 Largie Ramazani Left Winger 1 0 0
6%
53 D'Mani Mellor Centre-Forward 1 0 0
3%
51 Dylan Levitt Central Midfield 1 0 0
3%
55 Ethan Galbraith Central Midfield 1 0 0
3%
No matching quizzes found
Score Distribution
Percent of People with Each Score
Percentile by Number Answered
Your Score History
You have not taken this quiz